1234 1362 1991 1105 1392 1916 1445 1268 1870 1045 1921 1492 1879 1534 1868 1373 1108 1513 1991 1110 1577 1211 1645 1258 1428 1416 1507 1405 1849 1245 1180 1818 1354 1388 1950 1728 1523 1549 1418 1683 1111 1195 1007 1004 1539 1572 1869 1008 1721 1568 1894 1197 1234 1586 1555 1499 1367 1285 1294 1230 1539 1553 1192 1631 1957 1583 1494 1268 1527 1381 1121 1749 1575 1864 1323 1703 1897 1269 1817 1001 1098 1624 1366 1320 1746 1976 1582 1355 1758 1026 1313 1942 1985 1299 1112 1575 1886 1803 1090 BCNSPRNW ULIB Ver.6.0+V

เปลี่ยนเป็นภาษาไทย

Change to English
 แสดงรายละเอียดบรรณานุกรม
  กลับหน้าหลัก

Brief Record : Get Marc (ISO 2709) : E-mail record : QR code < ปิดหน้าต่าง
LEADER : 00000nam 2200000uu 4500
001    13399110159
003     ULIB
008    110424s2009||||th 000 0 eng d
020    9786111100136
050  4 PE1113^bซ111E
100 1  Schwarz, Peter C.
245 10 English for nursing and health care students /^cPeter C.Schwarz and Amporn Thiengtrongdee
250    1st ed.
260    Nonthaburi :^bBook Project Praboromarajchanok InstituteMinistry of Public Health,^c2009
300    106 p. :^bill. ;^c21 cm.
650  0 English language^xconversation and phrase books (formedical personnel)
650  0 Communication in nursing
650  0 Communication in medicine
700 1  ซวอตซ์, ปีเตอร์ ซี.
700 0  Amporn Thiengtrongdee
710 2  Praboromarajchanok Institute. ^bBook Project
945    ^p250^l0^i16043
945    ^p250^l0^i18130
945    ^p250^l0^i15788
945    ^p250^l0^i15789
945    ^p250^l0^i16044
945    ^p250^l0^i16653
945    ^p250^l0^i16964
945    ^p250^l0^i16965
995    เกษร
999 ^a ใช้งานได้ทุกระบบ
รายการนี้ยังไม่มีแท็ก
คุณยังไม่ได้ล็อกอิน คุณสามารถมีกิจกรรมร่วมกับเว็บไซต์ได้ แต่ต้องล็อกอินก่อน ::
  ล็อกอิน

รายการสื่อสารสนเทศ

ลำดับที่ ประเภท เลขเรียก/บาร์โค้ด สถานที่ สถานะ
1. วิทยาศาสตร์การแพทย์ และสุขภาพ
วิทยาศาสตร์การแพทย์ และสุขภาพ
PE1113 ซ111E  
  Barcode: 16043
ห้องสมุดวิทยาเขตสวรรค์ประชารักษ์
►หนังสือทั่วไป
บนชั้น
2. วิทยาศาสตร์การแพทย์ และสุขภาพ
วิทยาศาสตร์การแพทย์ และสุขภาพ
PE1113 ซ111E ฉ.2 
  Barcode: 18130
ห้องสมุดวิทยาเขตสวรรค์ประชารักษ์
►หนังสือทั่วไป
บนชั้น
3. วิทยาศาสตร์การแพทย์ และสุขภาพ
วิทยาศาสตร์การแพทย์ และสุขภาพ
PE1113 ซ111E ฉ.3 
  Barcode: 15788
ห้องสมุดวิทยาเขตสวรรค์ประชารักษ์
►หนังสือทั่วไป
บนชั้น
4. วิทยาศาสตร์การแพทย์ และสุขภาพ
วิทยาศาสตร์การแพทย์ และสุขภาพ
PE1113 ซ111E ฉ.4 
  Barcode: 15789
ห้องสมุดวิทยาเขตสวรรค์ประชารักษ์
►หนังสือทั่วไป
บนชั้น
5. วิทยาศาสตร์การแพทย์ และสุขภาพ
วิทยาศาสตร์การแพทย์ และสุขภาพ
PE1113 ซ111E ฉ.5 
  Barcode: 16044
ห้องสมุดวิทยาเขตสวรรค์ประชารักษ์
►หนังสือทั่วไป
บนชั้น
6. วิทยาศาสตร์การแพทย์ และสุขภาพ
วิทยาศาสตร์การแพทย์ และสุขภาพ
PE1113 ซ111E ฉ.6 
  Barcode: 16653
ห้องสมุดวิทยาเขตสวรรค์ประชารักษ์
►หนังสือทั่วไป
บนชั้น
7. วิทยาศาสตร์การแพทย์ และสุขภาพ
วิทยาศาสตร์การแพทย์ และสุขภาพ
PE1113 ซ111E ฉ.7 
  Barcode: 16964
ห้องสมุดวิทยาเขตสวรรค์ประชารักษ์
►หนังสือทั่วไป
บนชั้น
8. วิทยาศาสตร์การแพทย์ และสุขภาพ
วิทยาศาสตร์การแพทย์ และสุขภาพ
PE1113 ซ111E ฉ.8 
  Barcode: 16965
ห้องสมุดวิทยาเขตสวรรค์ประชารักษ์
►หนังสือทั่วไป
บนชั้น

รายการใกล้เคียง
    ผู้แต่ง [Schwarz, Peter C.]

    หัวเรื่อง [Communication in nursing]
    หัวเรื่อง [Communication in medicine]

BibComment


ยังไม่เคยถูกคอมเมนท์

คอมเมนท์ทรัพยากรรายการนี้
  คอมเมนท์: English for nursi..


 Copyright 2026. Bcnsprnw @Library